Habsburg als Schutzmacht der Katholiken in Ägypten : Kurzfassung der Studie über das österreichische Kirchenprotektorat von seinen Anfängen bis zu seiner Abschaffung im Jahre 1914 /

محفوظ في:

المؤلف الرئيسي: McEwan, Dorothea (مؤلف)

التنسيق: كتاب

اللغة: German

منشور في: Kairo : [Österreichisches Kulturinstitut], 1982.

سلاسل: Schriften des Österreichischen Kulturinstituts Kairo ; 3.

الموضوعات:

الوسوم: إضافة وسم

لا توجد وسوم, كن أول من يضع وسما على هذه التسجيلة!

رقم الطلب: BX1677 .M3 1982

LEADER 01126nam a2200289 a 4500
001 5923
003 OSt
005 20251102121906.0
008 130303s1982 ua b 001 0 ger d
020 |a 3447020520 
040 |c ARCE Library 
043 |a f-ua---  |a e-au--- 
050 4 |a BX1677 .M3 1982 
100 1 |a McEwan, Dorothea,  |e author 
245 1 0 |a Habsburg als Schutzmacht der Katholiken in Ägypten :  |b Kurzfassung der Studie über das österreichische Kirchenprotektorat von seinen Anfängen bis zu seiner Abschaffung im Jahre 1914 /  |c von Dorothea McEwan. 
264 1 |a Kairo :  |b [Österreichisches Kulturinstitut],   |c 1982. 
300 |a 175 pages ;  |c 21 cm. 
490 1 |a Schriften des Österreichischen Kulturinstituts Kairo ;   |v 3. 
504 |a Includes bibliographical references (pages 144-147) and index. 
610 2 0 |a Catholic Church  |z Egypt  |x History. 
650 0 |a Christianity  |z Egypt  |x History. 
651 0 |a Egypt   |x Relations   |z Austria. 
651 0 |a Austria  |x Relations  |z Egypt. 
830 0 |a Schriften des Österreichischen Kulturinstituts Kairo ;  |v 3. 
901 |a reviewed 
942 |c BK  |2 lcc 
999 |c 6044  |d 6044